Kindai Nihon keizaishi yōran /

Saved in:
Bibliographic Details
Other Authors: Andō, Yoshio, 1917-1985.
Format: Book
Language:Japanese
Published: Tōkyō : Tōkyō Daigaku Shuppankai, 1975.
Subjects:
Tags: Add Tag
No Tags, Be the first to tag this record!
LEADER 00932nam a2200277 i 4500
001 007764343-7
005 20024617115958.0
008 900927s1975 ja a b f000 0 jpn
010 |a 75805993 /J 
015 |a Ja75-7845 
035 0 |a ocm22442189 
035 0 |a ocm22442189  |z ocm21528272  |z ocm33548654 
040 |a DLC  |c WaU  |d OCoLC  |d NN  |d *YNH*  |d CStRLIN 
043 |a a-ja--- 
050 |a HC462.7  |b .K55 
245 0 0 |6 880-01  |a Kindai Nihon keizaishi yōran /  |c Andō Yoshio hen. 
260 |6 880-02  |a Tōkyō :  |b Tōkyō Daigaku Shuppankai,  |c 1975. 
300 |a x, 225 p. :  |b ill. ;  |c 26 cm. 
504 |a Bibliography: p. 212-216. 
651 0 |a Japan  |x Economic conditions  |y 1868- 
700 1 |6 880-03  |a Andō, Yoshio,  |d 1917-1985. 
880 0 0 |6 245-01  |a 近代日本経済史要覧 /  |c 安藤良雄編. 
880 |6 260-02  |a 東京 :  |b 東京大学出版会,  |c 1975. 
880 1 |6 700-03  |a 安藤良雄,  |d 1917- 
988 |a 20021214 
906 |0 DLC